000 00361nam a2200169Ia 4500
001 9343
005 20250626030202.0
008 211022s9999 xx 000 0 und d
082 _a248.29 KEL
100 _aKelsey, Morton T.
245 0 _aTongue speaking :
260 _aGarden City
260 _bDoubleday
260 _c1968
300 _a252
942 _cBK
999 _c8048
_d8048